| 000 | 00357nam a2200145Ia 4500 | ||
|---|---|---|---|
| 008 | 140626s9999 xx 000 0 und d | ||
| 100 | _aJackson, Henry. | ||
| 245 |
_aBuilding Innovation with Accountability / _cHenry Jackson. |
||
| 260 | _cc2012. | ||
| 300 | _a57 : 9, page 8 | ||
| 440 | _aHR Magazine | ||
| 521 | _aBSBA | ||
| 650 | _a.. | ||
| 942 | _cSE | ||
| 999 |
_c121081 _d121081 |
||